Anagramas - Instrumentos Musicales - Estadísticas

Estadísticas generales
  • Esta prueba ha sido intentada 2.702 veces
  • La puntuación promedio es 17 de 24
Estadísticas de respuestas
Instrumento % Correcto
arpa
93%
tuba
92%
violín
92%
viola
90%
flauta
89%
oboe
89%
saxofón
89%
xilófono
89%
piano
87%
gaita
81%
trombón
78%
fagot
73%
guitarra
73%
órgano
70%
trompa
69%
trompeta
67%
acordeón
59%
timbal
58%
contrabajo
52%
marimba
43%
armónica
42%
clarinete
38%
triángulo
34%
txistu
10%
No se encontraron pruebas coincidentes
Distribución de puntuación
Porcentaje de gente con cada puntuación
Porcentaje por número respondido
Historial de tus puntuaciones
No has intentado esta prueba.